Представление документа в формате RUSMARC

ПолеНазваниеЗначение
  Тип записи a
  Библиографический уровень m
001 Контрольный номер RU/CBS_UL/BASE/3d4b4f6be71743a7b3c045e3a09a8d78
005 Дата корректировки 20251010085003.1
010 Индекс ISBN __
a ISBN
b Уточнения в пер.
d Цена 45 к.
9 Тираж 50 000 экз.
100 Данные общей обработки __
a Данные общей обработки 20251010d 0rusy0189## ca
101 Язык документа 0_
a Язык текста rus
102 Страна публикации __
a Страна публикации RU
200 Заглавие и сведения об ответственности 1_
a Заглавие "Стихи, достойные запреты..."
e Сведения, относящиеся к заглавию судьба поэмы Г. Гейне "Германия. Зимняя сказка"
f Первые сведения об ответственности В. А. Пронин
210 Выходные данные 1_
a Место издания Москва
c Издательство Книга
d Дата издания 1986
215 Физическое описание __
a Объем 143, [1] с.
c Иллюстрации/тип воспроизводства ил.
d Формат 17 см.
300 Общие примечания __
a Общие примечания 12+
300 Общие примечания __
a Общие примечания Под инв. номером 20087: Цс-2, 5-1, 17-1, 19-1
606 Тематические рубрики 0_
a Основная рубрика Литературоведение - Немецкая поэзия
610 Ключевые слова 0_
a Ключевые слова литературоведение
610 Ключевые слова 0_
a Ключевые слова поэзия немецкая
610 Ключевые слова 0_
a Ключевые слова поэмы немецкие
610 Ключевые слова 0_
a Ключевые слова творчество поэтов
686 Индексы других классификаций __
2 Код системы rubbk
a Классификационный индекс 83.3(4Гем)
700 Автор _1
a Фамилия Пронин
b Имя (инициалы) В. А.
g Полное личное имя Владислав Александрович
801 Источник записи _0
a Страна RU
b Организация МБУК ЦБС г. Ульяновска
c Дата составления 20251010
g Правила каталогизации RCR
801 Источник записи _1
a Страна RU
b Организация МБУК ЦБС г. Ульяновска
c Дата составления 20251010
g Правила каталогизации RCR
852 Данные о местонахождении __
i Авторский знак П 81
j Шифр хранения 83.3(4)
901 Тип документа __
t Тип документа m
909 Создатель записи __
a Создатель записи obr3
b Дата создания записи 20251010